Musicals of Movies Quiz Stats

 Plays Quiz not verified by Sporcle

Also try: 1960s Surnames
Challenge
Share
Tweet
Embed
Score 0/25 Timer 10:00
0 Plays Today
Year of movie/year of musical Answer % Correct
1994/1997The Lion King
60.6%
1991/1994Beauty and the Beast
54.6%
1988/2002Hairspray
51.1%
2001/2009Shrek
47.9%
1989/2008The Little Mermaid
43.8%
2001/2007Legally Blonde
39%
1968/2001The Producers
37.1%
1964/2006Mary Poppins
34.3%
2000/2005Billy Elliot
28.6%
1999/2006Tarzan
26.7%
1975/2005Monty Python's Spamalot
24.1%
1984/1998Footloose
16.8%
1967/2002Thoroughly Modern Millie
15.2%
Year of movie/year of musical Answer % Correct
1998/2006The Wedding Singer
13.7%
1980/2007Xanadu
11.7%
1874/2007Young Frankenstein
9.8%
1988/2005Dirty Rotten Scoundrels
8.9%
1988/1996Big
8.9%
1997/2000The Full Monty
8.3%
1990/2008Cry-Baby
6.7%
1960/1982Little Shop of Horrors
6.3%
1977/1998Saturday Night Fever
5.7%
1980/20099 To 5
3.8%
1982/1992My Favorite Year
2.9%
1975/2006Grey Gardens
2.5%

You're not logged in!

Compare scores with friends on all Sporcle quizzes.
Join for Free
OR
Log In

You Might Also Like...

Show Comments

Extras

Created Oct 4, 2009ReportNominate
Tags:Musical Quiz

Top Quizzes Today


Score Distribution

Your Account Isn't Verified!

In order to create a playlist on Sporcle, you need to verify the email address you used during registration. Go to your Sporcle Settings to finish the process.

Report this User

Report this user for behavior that violates our Community Guidelines.

Details: